Conclave Year to Pope - Statistics

General Stats
  • This quiz has been taken 132 times
    89 since last reset
  • The average score is 10 of 15
Answer Stats
Hint Answer % Correct
2025 Leo XIV
97%
2013 Francis
91%
1978 (Oct) John Paul II
88%
2005 Benedict XVI
84%
1978 (Aug) John Paul I
84%
1958 John XXIII
78%
1939 Pius XII
71%
1963 Paul VI
67%
1922 Pius XI
67%
1878 Leo XIII
60%
1829 Pius VIII
55%
1903 Pius X
55%
1914 Benedict XV
47%
1846 Pius IX
47%
1830 Gregory XVI
41%
No matching quizzes found
Score Distribution
Percent of People with Each Score
Percentile by Number Answered
Your Score History
You have not taken this quiz since the last reset